| 000 -LEADER |
| fixed length control field |
nam a22 a 4500 |
| 005 - DATE AND TIME OF LATEST TRANSACTION |
| control field |
20170504144909.0 |
| 008 - FIXED-LENGTH DATA ELEMENTS--GENERAL INFORMATION |
| fixed length control field |
170504b2004 nyu||||| |||| 00| 0 eng d |
| 020 ## - INTERNATIONAL STANDARD BOOK NUMBER |
| International Standard Book Number |
019516847X (pbk) |
| Terms of availability |
£41.99 |
| 040 ## - CATALOGING SOURCE |
| Original cataloging agency |
AKMAL |
| 082 ## - DEWEY DECIMAL CLASSIFICATION NUMBER |
| Classification number |
158.2 VER |
| 090 ## - LOCALLY ASSIGNED LC-TYPE CALL NUMBER (OCLC); LOCAL CALL NUMBER (RLIN) |
| Classification number (OCLC) (R) ; Classification number, CALL (RLIN) (NR) |
158.2 |
| Local cutter number (OCLC) ; Book number/undivided call number, CALL (RLIN) |
VER |
| 100 ## - MAIN ENTRY--PERSONAL NAME |
| Personal name |
Verderber, Kathleen S., |
| Dates associated with a name |
1949- |
| 9 (RLIN) |
1427 |
| 245 ## - TITLE STATEMENT |
| Title |
Inter-act |
| Remainder of title |
interpersonal communication concepts, skills, and contexts / |
| Statement of responsibility, etc. |
Kathleen S. Verderber, Rudolph F. Verderber. |
| 246 ## - VARYING FORM OF TITLE |
| Title proper/short title |
Interact |
| 250 ## - EDITION STATEMENT |
| Edition statement |
10th ed. |
| 260 ## - PUBLICATION, DISTRIBUTION, ETC. |
| Place of publication, distribution, etc. |
New York |
| Name of publisher, distributor, etc. |
Oxford University Press |
| Date of publication, distribution, etc. |
2003. |
| 260 ## - PUBLICATION, DISTRIBUTION, ETC. |
| Place of publication, distribution, etc. |
Oxford |
| Name of publisher, distributor, etc. |
Oxford University Press |
| Date of publication, distribution, etc. |
2003. |
| 300 ## - PHYSICAL DESCRIPTION |
| Extent |
443 p. |
| Other physical details |
ill. (some col.) |
| Dimensions |
26 cm. + |e 1 CD-ROM (4 3/4 in.) |
| 500 ## - GENERAL NOTE |
| General note |
Formerly CIP. |
| 504 ## - BIBLIOGRAPHY, ETC. NOTE |
| Bibliography, etc. note |
Includes bibliographical references (p. [422]-429) and index. |
| 599 ## - LOCAL NOTE |
| Local Note |
DALAM PROSES |
| 650 ## - SUBJECT ADDED ENTRY--TOPICAL TERM |
| Topical term or geographic name entry element |
Interpersonal communication. |
| 9 (RLIN) |
1169 |
| 650 ## - SUBJECT ADDED ENTRY--TOPICAL TERM |
| Topical term or geographic name entry element |
Interpersonal relations. |
| 9 (RLIN) |
487 |
| 700 ## - ADDED ENTRY--PERSONAL NAME |
| Personal name |
Verderber, Rudolph F. |
| 9 (RLIN) |
1428 |
| 852 ## - LOCATION |
| Location |
British Library |
| Sublocation or collection |
HMNTS |
| 942 ## - ADDED ENTRY ELEMENTS (KOHA) |
| Source of classification or shelving scheme |
|
| Koha item type |
Book |